[Event "FIDE World Cup (w)"]
[Site "Khanty-Mansiysk RUS"]
[Date "2012.11.14"]
[Round "2.1"]
[White "Sebag, Marie"]
[Black "Girya, Olga"]
[Result "1/2-1/2"]
[WhiteElo "2521"]
[BlackElo "2467"]
[EventDate "2012.11.11"]
[PlyCount "85"]

1.e4 c6 2.d4 d5 3.e5 c5 4.dxc5 e6 5.a3 Bxc5 6.b4 Bb6 7.Nf3 Nc6 8.Bb2 Nge7 
9.Bd3 Ng6 10.O-O O-O 11.c4 dxc4 12.Bxc4 Qxd1 13.Rxd1 Bc7 14.Re1 Rd8 15.Bf1
a6 16.g3 b5 17.Bg2 Rb8 18.h4 h5 19.Nbd2 Ncxe5 20.Bxe5 Bxe5 21.Nxe5 Nxe5 
22.Rxe5 Rxd2 23.Rxh5 Bb7 24.Bxb7 Rxb7 25.Rc1 g6 26.Rhc5 Rd3 27.R1c3 Rbd7 
28.Rc6 Rxc3 29.Rxc3 Rd1+ 30.Kg2 Ra1 31.Kf3 Kf8 32.Kf4 Ra2 33.f3 f6 34.g4 
Ke7 35.Kg3 Kf7 36.Kf4 Ke7 37.Kg3 Kf7 38.Rc7+ Kg8 39.Rc3 Kf7 40.Kf4 Ke7 41.
g5 e5+ 42.Ke4 fxg5 43.hxg5 1/2-1/2

[Event "FIDE World Cup (w)"]
[Site "Khanty-Mansiysk RUS"]
[Date "2012.11.15"]
[Round "2.2"]
[White "Girya, Olga"]
[Black "Sebag, Marie"]
[Result "0-1"]
[WhiteElo "2467"]
[BlackElo "2521"]
[EventDate "2012.11.11"]
[PlyCount "138"]

1.e4 c5 2.Nc3 a6 3.Nge2 d6 4.g3 Nc6 5.Bg2 g6 6.d4 cxd4 7.Nxd4 Bg7 8.Nde2 
Nf6 9.O-O O-O 10.h3 Nd7 11.a4 Rb8 12.Bg5 Nde5 13.Qc1 Nb4 14.Nd5 Nxd5 15.
exd5 Re8 16.Rd1 Nc4 17.Ra2 Qc7 18.b3 Ne5 19.Be3 Nd7 20.a5 b5 21.axb6 Nxb6 
22.Nd4 Bb7 23.c4 Nd7 24.Nc6 Bxc6 25.dxc6 Ne5 26.c5 d5 27.Bf4 e6 28.Qe3 a5 
29.Rda1 g5 30.Bxg5 Nxc6 31.Bf4 Be5 32.Bxe5 Qxe5 33.Qxe5 Nxe5 34.Rxa5 Rxb3 
35.Re1 Nc4 36.Ra6 Rc8 37.c6 Rb6 38.Rxb6 Nxb6 39.Rc1 Nc4 40.Bf1 Rxc6 41.f4 
Kg7 42.Kf2 Kf6 43.Bd3 h6 44.Bxc4 Rxc4 45.Re1 h5 46.h4 Rc2+ 47.Kf3 Rc3+ 48.
Kf2 d4 49.Re5 d3 50.Rxh5 d2 51.Ke2 Rxg3 52.Kxd2 Rf3 53.Ke2 Rxf4 54.Ke3 e5 
55.Kd3 Ke6 56.Ke3 f6 57.Rh7 Kf5 58.Rh5+ Kg6 59.Rh8 Rf5 60.Rc8 Rf4 61.Rh8 
Ra4 62.Kf3 Ra3+ 63.Ke4 Kg7 64.Rh5 Ra8 65.Rf5 Ra4+ 66.Kd5 Rxh4 67.Ke6 e4 
68.Rb5 e3 69.Rb1 Rh5 0-1

[Event "FIDE World Cup (w)"]
[Site "Khanty-Mansiysk RUS"]
[Date "2012.11.14"]
[Round "2.1"]
[White "Harika, Dronavalli"]
[Black "Danielian, Elina"]
[Result "1-0"]
[WhiteElo "2512"]
[BlackElo "2476"]
[EventDate "2012.11.11"]
[PlyCount "65"]

1.d4 Nf6 2.c4 e6 3.Nf3 c5 4.d5 exd5 5.cxd5 d6 6.Nc3 g6 7.Bf4 Bg7 8.Qa4+ 
Bd7 9.Qb3 Qc7 10.e4 O-O 11.Nd2 Nh5 12.Be3 f5 13.exf5 gxf5 14.Be2 f4 15.
Bxc5 Na6 16.Ba3 Rae8 17.Nce4 Bf5 18.Bxd6 Qd8 19.Bxf8 Bxe4 20.Be7 Nc5 21.
Bxd8 Nxb3 22.Nxe4 Nxa1 23.O-O Rxd8 24.Bxh5 Nc2 25.d6 Nd4 26.Rd1 Be5 27.Kf1
Kg7 28.b3 Kh6 29.Bg4 Kg6 30.d7 h5 31.Bh3 Kf7 32.Nc5 Bf6 33.Nxb7 1-0

[Event "FIDE World Cup (w)"]
[Site "Khanty-Mansiysk RUS"]
[Date "2012.11.15"]
[Round "2.2"]
[White "Danielian, Elina"]
[Black "Harika, Dronavalli"]
[Result "1/2-1/2"]
[WhiteElo "2476"]
[BlackElo "2512"]
[EventDate "2012.11.11"]
[PlyCount "94"]

1.d4 Nf6 2.c4 g6 3.Nc3 Bg7 4.e4 d6 5.f4 O-O 6.Nf3 Na6 7.Bd3 e5 8.fxe5 dxe5
9.d5 Qd6 10.a3 c6 11.Be3 Bd7 12.h3 cxd5 13.cxd5 Nc5 14.O-O Nxd3 15.Qxd3 
Nh5 16.Nb5 Qb8 17.Rfc1 Nf4 18.Bxf4 Bxb5 19.Qxb5 exf4 20.Rc2 a6 21.Qb6 Be5 
22.Rac1 Re8 23.b4 Bd6 24.Rc4 a5 25.Kh1 axb4 26.axb4 Kg7 27.b5 Qd8 28.Qg1 
Qf6 29.b6 Ra3 30.Re1 Re7 31.Qf2 Rb3 32.Rc7 Bxc7 33.bxc7 Rxc7 34.e5 Qb6 35.
Qh4 Re3 36.d6 Rxe1+ 37.Qxe1 Rc8 38.Qh4 Qd8 39.Qxf4 h6 40.Kh2 Qd7 41.Qd4 
Kg8 42.Nd2 Qf5 43.g4 Qc2 44.d7 Rd8 45.Kg3 Qc6 46.e6 Qxe6 47.Ne4 Qb3+ 
1/2-1/2

[Event "FIDE World Cup (w)"]
[Site "Khanty-Mansiysk RUS"]
[Date "2012.11.14"]
[Round "2.1"]
[White "Huang Qian"]
[Black "Cmilyte, Viktorija"]
[Result "1/2-1/2"]
[WhiteElo "2465"]
[BlackElo "2524"]
[EventDate "2012.11.11"]
[PlyCount "33"]

1.Nf3 g6 2.c4 Bg7 3.Nc3 c5 4.g3 Nc6 5.Bg2 d6 6.O-O Bf5 7.d3 Qd7 8.Nd5 Nf6 
9.Re1 O-O 10.Rb1 Bh3 11.Bh1 Rab8 12.Bd2 h6 13.Nxf6+ exf6 14.Bc3 Ne5 15.b4 
b6 16.a4 Bg4 17.Nxe5 1/2-1/2

[Event "FIDE World Cup (w)"]
[Site "Khanty-Mansiysk RUS"]
[Date "2012.11.15"]
[Round "2.2"]
[White "Cmilyte, Viktorija"]
[Black "Huang Qian"]
[Result "0-1"]
[WhiteElo "2524"]
[BlackElo "2465"]
[EventDate "2012.11.11"]
[PlyCount "114"]

1.d4 Nf6 2.c4 g6 3.Nc3 Bg7 4.e4 d6 5.f3 O-O 6.Nge2 a6 7.Be3 Nc6 8.Qd2 Rb8 
9.Nc1 e5 10.Nb3 exd4 11.Nxd4 Bd7 12.Be2 b5 13.Nxc6 Bxc6 14.O-O bxc4 15.
Bxc4 Bb5 16.Nxb5 axb5 17.Be2 Nd7 18.Rac1 Nc5 19.b4 Ne6 20.Rc6 Qf6 21.Bd1 
Rfc8 22.f4 Nd8 23.Rc1 Qe6 24.f5 Qe5 25.Bg4 h5 26.Bh3 g5 27.f6 g4 28.Bd4 
Qxe4 29.Rce1 Qg6 30.fxg7 Nc6 31.Bf6 gxh3 32.Re3 hxg2 33.Qxg2 Qxg2+ 34.Kxg2
Ne5 35.h3 Re8 36.Rg3 Re6 37.Rf5 Ng6 38.Kg1 Rbe8 39.Bc3 Re3 40.Rxe3 Rxe3 
41.Bf6 Re6 42.Kf2 c6 43.Bc3 Ne5 44.Rxh5 Kxg7 45.Rg5+ Kf6 46.h4 Re8 47.Ke3 
Rh8 48.Rg4 Ke6 49.Rf4 f5 50.Rd4 Ra8 51.Rd1 Ra3 52.Rc1 c5 53.Kd2 Rxa2+ 54.
Kd1 Nd3 55.Rb1 Nf2+ 56.Ke1 Ne4 57.Bg7 Rg2 0-1

[Event "FIDE World Cup (w)"]
[Site "Khanty-Mansiysk RUS"]
[Date "2012.11.14"]
[Round "2.1"]
[White "Hoang, Thanh Trang"]
[Black "Kosintseva, Tatiana"]
[Result "1/2-1/2"]
[WhiteElo "2470"]
[BlackElo "2515"]
[EventDate "2012.11.11"]
[PlyCount "78"]

1.d4 d5 2.c4 e6 3.Nc3 Be7 4.cxd5 exd5 5.Bf4 Nf6 6.e3 O-O 7.Bd3 c5 8.dxc5 
Bxc5 9.Nge2 Nc6 10.O-O d4 11.exd4 Nxd4 12.Na4 Nxe2+ 13.Bxe2 Be7 14.Bf3 Qa5
15.Re1 Be6 16.Nc3 Rad8 17.Qc2 Rd7 18.Rad1 Rfd8 19.Rxd7 Rxd7 20.Rd1 Rxd1+ 
21.Qxd1 Qb4 22.Qd2 h6 23.h3 b6 24.Be3 Qc4 25.Qd4 Qxd4 26.Bxd4 Nd7 27.b3 
Bc5 28.Nb5 a6 29.Bxc5 Nxc5 30.Nd4 a5 31.Kf1 Kf8 32.Ke2 Ke7 33.Ke3 Kd6 34.
Ba8 Bd7 35.f4 b5 36.a3 b4 37.axb4 axb4 38.Nc2 Nxb3 39.Nxb4 Nc5 1/2-1/2

[Event "FIDE World Cup (w)"]
[Site "Khanty-Mansiysk RUS"]
[Date "2012.11.15"]
[Round "2.2"]
[White "Kosintseva, Tatiana"]
[Black "Hoang, Thanh Trang"]
[Result "1-0"]
[WhiteElo "2515"]
[BlackElo "2470"]
[EventDate "2012.11.11"]
[PlyCount "95"]

1.e4 e6 2.d4 d5 3.Nc3 Bb4 4.e5 Ne7 5.a3 Bxc3+ 6.bxc3 b6 7.Qg4 Ng6 8.h4 h5 
9.Qd1 Qd7 10.Bg5 Qc6 11.Qf3 Ba6 12.Bxa6 Nxa6 13.Ne2 Qc4 14.Ng3 c5 15.Rd1 
cxd4 16.cxd4 Rc8 17.Nxh5 Rh7 18.Ng3 Qc3+ 19.Qxc3 Rxc3 20.Kd2 Rc4 21.c3 Nb8
22.h5 Nf8 23.h6 gxh6 24.Bxh6 Nbd7 25.Nh5 Ra4 26.Ra1 b5 27.Bg5 Ng6 28.g4 
Ne7 29.f4 Nc6 30.f5 Na5 31.Bf6 Nb3+ 32.Kd3 Kf8 33.Nf4 Nxf6 34.exf6 Kg8 35.
Rxh7 Kxh7 36.Rh1+ Kg8 37.fxe6 fxe6 38.g5 Nc5+ 39.dxc5 Rxf4 40.c6 e5 41.c7 
Rc4 42.g6 e4+ 43.Kd2 e3+ 44.Kxe3 Rxc3+ 45.Kd2 Rxc7 46.f7+ Kg7 47.f8=Q+ 
Kxf8 48.Rh8+ 1-0

[Event "FIDE World Cup (w)"]
[Site "Khanty-Mansiysk RUS"]
[Date "2012.11.15"]
[Round "2.2"]
[White "Arribas Robaina, Maritza"]
[Black "Muzychuk, Maria"]
[Result "1/2-1/2"]
[WhiteElo "2273"]
[BlackElo "2476"]
[EventDate "2012.11.11"]
[PlyCount "67"]

1.e4 c5 2.Nf3 e6 3.d4 cxd4 4.Nxd4 Nf6 5.Bd3 Nc6 6.Nxc6 bxc6 7.O-O e5 8.Qe2
d6 9.Nd2 Be7 10.Nc4 O-O 11.f4 exf4 12.Bxf4 Re8 13.Kh1 Be6 14.e5 dxe5 15.
Bxe5 Bd5 16.Qf2 Nd7 17.Bg3 Nc5 18.Rad1 Nxd3 19.Rxd3 Qd7 20.Ne5 Qe6 21.b3 
Bd6 22.c4 Bxg2+ 23.Qxg2 Bxe5 24.Bxe5 Qxe5 25.Qxc6 Rad8 26.Qf3 f6 27.Rfd1 
Rxd3 28.Qxd3 h6 29.Rd2 Qe1+ 30.Kg2 Re5 31.Qd8+ Kh7 32.Qd3+ Kg8 33.Qd8+ Kh7
34.Qd3+ 1/2-1/2

[Event "FIDE World Cup (w)"]
[Site "Khanty-Mansiysk RUS"]
[Date "2012.11.18"]
[Round "3.2"]
[White "Kosintseva, Nadezhda"]
[Black "Kosintseva, Tatiana"]
[Result "1/2-1/2"]
[WhiteElo "2539"]
[BlackElo "2515"]
[EventDate "2012.11.11"]
[PlyCount "96"]

1.c4 Nf6 2.Nc3 e5 3.g3 Bb4 4.Bg2 O-O 5.Nf3 Re8 6.O-O c6 7.d3 h6 8.Ne4 Na6 
9.Nxf6+ Qxf6 10.e4 d6 11.h3 Bc5 12.a3 Nc7 13.b4 Bb6 14.Bb2 Ne6 15.Kh2 c5 
16.Ne1 cxb4 17.axb4 Bd4 18.Bxd4 Nxd4 19.Nf3 Nxf3+ 20.Qxf3 Qxf3 21.Bxf3 Be6
22.Bg4 Bxg4 23.hxg4 a6 24.Ra5 f6 25.Kg2 Kf7 26.Kf3 Rac8 27.Ke3 Rc7 28.Rb1 
Ke7 29.Ra3 Kd7 30.b5 axb5 31.Rxb5 Rb8 32.Rab3 Kc8 33.Ra3 Rc6 34.f4 Kc7 35.
Kf3 Ra6 36.Rc3 b6 37.g5 hxg5 38.fxg5 fxg5 39.Kg4 Ra1 40.Rcb3 Rg1 41.Rb1 
Rg2 42.Rf1 Kc6 43.Rf3 Rh8 44.Kxg5 Rh3 45.Kg4 Rh6 46.Kg5 Rh3 47.Kg4 Rh6 48.
Kg5 Rh3 1/2-1/2

[Event "FIDE World Cup (w)"]
[Site "Khanty-Mansiysk RUS"]
[Date "2012.11.19"]
[Round "3.3"]
[White "Kosintseva, Tatiana"]
[Black "Kosintseva, Nadezhda"]
[Result "0-1"]
[WhiteElo "2515"]
[BlackElo "2539"]
[EventDate "2012.11.11"]
[PlyCount "138"]

1.d4 Nf6 2.Nf3 e6 3.c4 Bb4+ 4.Nbd2 d5 5.e3 O-O 6.a3 Be7 7.Bd3 c5 8.dxc5 a5
9.cxd5 exd5 10.O-O Nbd7 11.Nb3 a4 12.Nbd4 Nxc5 13.Bc2 Nfe4 14.Bd2 Bd7 15.
Bb4 Bd6 16.Rc1 Rc8 17.Nd2 Qh4 18.f4 Qe7 19.Qe2 Rfe8 20.Rfe1 Qf6 21.Rf1 b6 
22.Bb1 Bf8 23.N2f3 Bg4 24.Ba2 Rcd8 25.Rcd1 h6 26.Qc2 Qd6 27.Rde1 Qc7 28.
Nb5 Qd7 29.Nfd4 Rc8 30.Nc3 Nxc3 31.bxc3 Ne4 32.Bxf8 Rxf8 33.h3 Bf5 34.Nxf5
Qxf5 35.Qxa4 Nxc3 36.Qb3 Nxa2 37.Qxa2 Rc2 38.Qb3 Rfc8 39.Rf2 Rxf2 40.Kxf2 
d4 41.Kg1 Qe4 42.Qd1 dxe3 43.Qf3 Qxf3 44.gxf3 Rc3 45.Kf1 Rxa3 46.Ke2 Rb3 
47.f5 Kf8 48.Rc1 Ke7 49.h4 Kf6 50.Rc7 b5 51.Rb7 b4 52.Rb5 h5 53.Rb7 Rb1 
54.Kxe3 b3 55.Kf4 b2 56.Rb6+ Ke7 57.Rb7+ Kd6 58.Rb6+ Kc5 59.Rb8 Kc4 60.
Rc8+ Kd3 61.Rd8+ Ke2 62.Re8+ Kf2 63.Rb8 Kg2 64.Rb7 Kh3 65.Rb4 Kxh4 66.Rb3 
Kh3 67.f6 gxf6 68.Kf5 Kg2 69.f4 h4 0-1

[Event "FIDE World Cup (w)"]
[Site "Khanty-Mansiysk RUS"]
[Date "2012.11.19"]
[Round "3.4"]
[White "Kosintseva, Nadezhda"]
[Black "Kosintseva, Tatiana"]
[Result "0-1"]
[WhiteElo "2539"]
[BlackElo "2515"]
[EventDate "2012.11.11"]
[PlyCount "180"]

1.e4 e6 2.d4 d5 3.Nc3 Bb4 4.Ne2 Ne7 5.a3 Ba5 6.b4 Bb6 7.e5 a5 8.Rb1 Nf5 9.
Na4 axb4 10.Nxb6 cxb6 11.axb4 O-O 12.Ng3 Nc6 13.Nxf5 exf5 14.b5 Na5 15.Be2
Be6 16.O-O Qd7 17.Bd2 Rfc8 18.Bb4 Nc4 19.Bxc4 dxc4 20.Bd6 Bd5 21.c3 f4 22.
f3 Qf5 23.Qd2 Ra5 24.e6 fxe6 25.Qxf4 Qd3 26.Be5 Qg6 27.Qg3 Qf7 28.Qf4 Qd7 
29.Qg5 Rca8 30.h4 Ra3 31.Rbc1 Rb3 32.Kh2 Rxb5 33.Ra1 Rba5 34.Rab1 b5 35.
Rb2 Bc6 36.Re1 Qf7 37.Bd6 b4 38.Qe3 bxc3 39.Qxc3 Bd5 40.Qe3 h6 41.Reb1 Ra2
42.Qd2 Rxb2 43.Rxb2 Qf6 44.Bg3 Ra1 45.Qc3 Rd1 46.Rd2 Rf1 47.Rf2 Rxf2 48.
Bxf2 Qf5 49.Bg3 Qb1 50.Bd6 Qa2 51.Kg3 Qe2 52.Bf4 Kh7 53.Bd2 Qd1 54.Qc1 Qb3
55.Qc3 Qb1 56.Kh2 Kg6 57.Qe3 b5 58.Qe1 Qd3 59.Bc3 Kf7 60.Qd2 Qf5 61.Qe3 
Kg8 62.Qe5 Qd3 63.Bb4 c3 64.Qc7 c2 65.Bd6 Qg6 66.Bf4 Kh7 67.Qc3 h5 68.Bc1 
Qf5 69.Bg5 Bc4 70.Bc1 Kg6 71.Qd2 Kf7 72.Kg3 Qg6+ 73.Kf2 Qf5 74.Qe3 b4 75.
Qf4 Qxf4 76.Bxf4 b3 77.Bc1 Ke7 78.Ke3 Kd6 79.Bb2 Kd5 80.g3 Bb5 81.Kd2 Kc4 
82.Ba1 Bc6 83.f4 Be4 84.Bb2 Bf5 85.Ba1 Kd5 86.Bb2 Ke4 87.Kc3 Kf3 88.Kxb3 
Kxg3 89.Kc3 Kxh4 90.Kd2 Kg3 0-1

[Event "FIDE World Cup (w)"]
[Site "Khanty-Mansiysk RUS"]
[Date "2012.11.19"]
[Round "3.5"]
[White "Kosintseva, Tatiana"]
[Black "Kosintseva, Nadezhda"]
[Result "0-1"]
[WhiteElo "2515"]
[BlackElo "2539"]
[EventDate "2012.11.11"]
[PlyCount "132"]

1.e4 e6 2.d4 d5 3.Nc3 Bb4 4.e5 c5 5.a3 Bxc3+ 6.bxc3 Qc7 7.Nf3 b6 8.Bb5+ 
Bd7 9.Bd3 Ba4 10.h4 Ne7 11.h5 h6 12.Rh4 c4 13.Be2 Nbc6 14.Rg4 Rg8 15.Nh4 
O-O-O 16.Be3 Kb7 17.Qd2 Nf5 18.Nxf5 exf5 19.Rh4 Ne7 20.f4 Bd7 21.a4 a5 22.
Bf3 Be6 23.Qe2 Ka7 24.Rh1 Qd7 25.Kf2 Rb8 26.Rhb1 g5 27.hxg6 fxg6 28.Rh1 h5
29.Bc1 Rgc8 30.Ba3 Ng8 31.Rhb1 Ne7 32.Kg1 Rg8 33.Rb5 Nc8 34.Rab1 Ka6 35.
Ra1 Na7 36.Rbb1 Rg7 37.Qe1 g5 38.fxg5 Rxg5 39.Bc5 Nc6 40.Qc1 f4 41.Bd6 Rb7
42.Qxf4 Qg7 43.Qf6 Qg8 44.Rf1 Rbg7 45.Rf2 Rf5 46.Qh4 Rxf3 47.Rxf3 Rxg2+ 
48.Kh1 Rxc2 49.Rg3 Qh7 50.Rf1 Bf5 51.Kg1 Bd3 52.Rf8 Rc1+ 53.Kh2 Be4 54.Rg1
Rc2+ 55.Rf2 Rxc3 56.Qf6 Qd7 57.Rg3 Rxg3 58.Kxg3 Qg4+ 59.Kh2 Nxd4 60.Bc5 
Ne6 61.Be3 d4 62.Bh6 h4 63.Bf4 Qd1 64.Qxh4 Qh1+ 65.Kg3 Qg1+ 66.Kh3 Bf5+ 
0-1

[Event "FIDE World Cup (w)"]
[Site "Khanty-Mansiysk RUS"]
[Date "2012.11.19"]
[Round "3.6"]
[White "Kosintseva, Nadezhda"]
[Black "Kosintseva, Tatiana"]
[Result "1/2-1/2"]
[WhiteElo "2539"]
[BlackElo "2515"]
[EventDate "2012.11.11"]
[PlyCount "117"]

1.e4 e6 2.d4 d5 3.Nc3 Bb4 4.Ne2 Nf6 5.a3 Be7 6.Ng3 c5 7.exd5 exd5 8.Bb5+ 
Nc6 9.dxc5 d4 10.Bxc6+ bxc6 11.Nce4 Ba6 12.f3 O-O 13.Kf2 Nxe4+ 14.Nxe4 f5 
15.Nd6 Bxd6 16.cxd6 Qxd6 17.Re1 c5 18.Kg1 f4 19.Bd2 Rf6 20.Re4 Bb7 21.Re2 
Raf8 22.Qe1 Bc6 23.Qf2 Qd5 24.Rae1 Rf5 25.Re7 Rg5 26.Kh1 a6 27.Qe2 Rg6 28.
Re5 Qa2 29.Bc1 c4 30.Qd2 Qb1 31.Qxd4 Qxc2 32.R5e2 Qb3 33.Qc3 Qa4 34.Re7 
Rg5 35.Bd2 Bd5 36.Qd4 Qc6 37.Bc3 Qg6 38.Qf2 Qh5 39.R7e5 h6 40.Rxg5 Qxg5 
41.Re5 Rf5 42.Rxf5 Qxf5 43.h3 Qf7 44.Qd4 Kh7 45.Bd2 g5 46.Bc3 Kg6 47.Kh2 
Kh5 48.Qe5 Kg6 49.Qd6+ Be6 50.Qe5 h5 51.Ba5 g4 52.hxg4 hxg4 53.fxg4 Bxg4 
54.Bd2 Qh7+ 55.Kg1 Qa7+ 56.Kh2 Qh7+ 57.Kg1 Qa7+ 58.Kh2 Qh7+ 59.Kg1 1/2-1/2

[Event "FIDE World Cup (w)"]
[Site "Khanty-Mansiysk RUS"]
[Date "2012.11.18"]
[Round "3.2"]
[White "Zhao Xue"]
[Black "Muzychuk, Maria"]
[Result "1-0"]
[WhiteElo "2565"]
[BlackElo "2476"]
[EventDate "2012.11.11"]
[PlyCount "53"]

1.c4 Nf6 2.Nf3 g6 3.Nc3 d5 4.cxd5 Nxd5 5.Qa4+ Nc6 6.Ne5 Nxc3 7.bxc3 Bd7 8.
Nxd7 Qxd7 9.Rb1 b6 10.h4 h5 11.e4 Na5 12.Bb5 c6 13.Be2 Bh6 14.O-O O-O 15.
f4 e6 16.d4 Rfd8 17.Be3 Qc7 18.Qc2 b5 19.Rf3 a6 20.f5 Bxe3+ 21.Rxe3 e5 22.
fxg6 fxg6 23.Rg3 Kh7 24.Rg5 exd4 25.e5 Rg8 26.Bxh5 d3 27.Qxd3 1-0

[Event "FIDE World Cup (w)"]
[Site "Khanty-Mansiysk RUS"]
[Date "2012.11.18"]
[Round "3.2"]
[White "Sebag, Marie"]
[Black "Galliamova, Alisa"]
[Result "1-0"]
[WhiteElo "2521"]
[BlackElo "2468"]
[EventDate "2012.11.11"]
[PlyCount "111"]

1.e4 c5 2.c3 d6 3.d4 Nd7 4.Nf3 Qc7 5.Bd3 g6 6.O-O Bg7 7.Re1 a6 8.a4 e6 9.
Na3 Rb8 10.Bf1 Ngf6 11.Bf4 Nh5 12.Be3 O-O 13.Qd2 b6 14.Bh6 Bb7 15.Bxg7 
Kxg7 16.h3 Nhf6 17.Bd3 Bc6 18.Qe2 Ra8 19.Nd2 Bb7 20.Nf1 Nb8 21.Ng3 Nc6 22.
Qe3 Ne7 23.e5 dxe5 24.dxe5 Nfd5 25.Qg5 h6 26.Qg4 Rad8 27.Rad1 Qc6 28.Be4 
Qc7 29.c4 Nb4 30.Nh5+ Kh8 31.Qf4 Ng8 32.Nf6 Bxe4 33.Nxg8 Kxg8 34.Qxe4 Rxd1
35.Rxd1 Rd8 36.Re1 Qd7 37.Nc2 Qxa4 38.Ne3 h5 39.g4 hxg4 40.Nxg4 Rd1 41.
Rxd1 Qxd1+ 42.Kh2 Qd4 43.Qf3 Kf8 44.Qf6 Nd3 45.Kg3 b5 46.cxb5 axb5 47.Qh8+
Ke7 48.Qf6+ Ke8 49.Qh8+ Kd7 50.Qf6 Kc6 51.Qxf7 Qd7 52.Qf8 c4 53.Nf6 Qd4 
54.Qc8+ Kb6 55.Nd7+ Ka5 56.Qa8+ 1-0

[Event "FIDE World Cup (w)"]
[Site "Khanty-Mansiysk RUS"]
[Date "2012.11.17"]
[Round "3.1"]
[White "Javakhishvili, Lela"]
[Black "Harika, Dronavalli"]
[Result "1/2-1/2"]
[WhiteElo "2455"]
[BlackElo "2512"]
[EventDate "2012.11.11"]
[PlyCount "62"]

1.d4 Nf6 2.c4 g6 3.Nc3 Bg7 4.e4 d6 5.Nf3 O-O 6.h3 e5 7.d5 a5 8.Bg5 Na6 9.
Nd2 Qe8 10.Be2 Nd7 11.a3 Nb6 12.b3 Bd7 13.Nb5 f5 14.Be3 Bxb5 15.cxb5 Nc5 
16.Qc2 fxe4 17.Nxe4 Nxe4 18.Qxe4 Qf7 19.O-O Kh8 20.Rfd1 Qf5 21.Bd3 Qf7 22.
Rac1 Rac8 23.Be2 Nd7 24.Qc4 h5 25.Bf3 Kh7 26.Rc2 Bh6 27.Rdc1 Bxe3 28.fxe3 
Kh6 29.Qc3 g5 30.Qxa5 Nc5 31.Qc3 e4 1/2-1/2

[Event "FIDE World Cup (w)"]
[Site "Khanty-Mansiysk RUS"]
[Date "2012.11.18"]
[Round "3.2"]
[White "Harika, Dronavalli"]
[Black "Javakhishvili, Lela"]
[Result "1-0"]
[WhiteElo "2512"]
[BlackElo "2455"]
[EventDate "2012.11.11"]
[PlyCount "93"]

1.Nf3 d5 2.d4 Nf6 3.c4 e6 4.Nc3 Be7 5.g3 O-O 6.Bg2 dxc4 7.O-O c5 8.dxc5 
Qa5 9.Qd4 Nc6 10.Qxc4 e5 11.Bg5 Qxc5 12.Qxc5 Bxc5 13.Bxf6 gxf6 14.Nd5 Kg7 
15.Rac1 Bd6 16.Nd2 Nd4 17.Rfe1 Bg4 18.Ne4 Rfd8 19.Kf1 Be6 20.Nexf6 Rac8 
21.Rxc8 Rxc8 22.e3 Nf5 23.Rd1 Bxd5 24.Nxd5 Rd8 25.Nc3 b6 26.g4 Nh6 27.h3 
a5 28.Ke2 f5 29.gxf5 Nxf5 30.Be4 Nh6 31.a3 Nf7 32.Bd5 Nh8 33.h4 Be7 34.h5 
Kh6 35.Rg1 b5 36.Bf3 b4 37.Nd5 Bh4 38.axb4 axb4 39.Rg4 Kxh5 40.Rxb4+ Kg5 
41.Rg4+ Kh5 42.Re4+ Kg5 43.Rxe5+ Kg6 44.Nf4+ Kf7 45.Rh5 Bf6 46.Rxh7+ Kg8 
47.Rb7 1-0

[Event "FIDE World Cup (w)"]
[Site "Khanty-Mansiysk RUS"]
[Date "2012.11.17"]
[Round "3.1"]
[White "Ju Wenjun"]
[Black "Zhukova, Natalia"]
[Result "1-0"]
[WhiteElo "2501"]
[BlackElo "2451"]
[EventDate "2012.11.11"]
[PlyCount "113"]

1.d4 d5 2.c4 e6 3.Nf3 c5 4.cxd5 exd5 5.g3 Nc6 6.Bg2 Nf6 7.O-O Be7 8.dxc5 
Bxc5 9.a3 Ne4 10.Nfd2 f5 11.Nc3 Be6 12.Nb3 Bb6 13.Na4 d4 14.Nd2 Nxd2 15.
Bxd2 O-O 16.Rc1 Bd5 17.Bg5 Qd6 18.Bf4 Qe6 19.Bxd5 Qxd5 20.Qd3 Rae8 21.Rfe1
Re6 22.Nxb6 axb6 23.Qc4 Qxc4 24.Rxc4 Rfe8 25.Kf1 Kf7 26.b4 Kf6 27.b5 Ne5 
28.Bxe5+ Rxe5 29.Rxd4 Rxb5 30.Red1 Rb3 31.Rb4 Rxb4 32.axb4 Ke6 33.e3 Rc8 
34.Ke2 Rc4 35.Rd4 b5 36.Kd3 Rc1 37.g4 fxg4 38.Rxg4 Kf6 39.Rf4+ Ke6 40.Rh4 
Rd1+ 41.Ke2 Rb1 42.Rxh7 g5 43.h4 g4 44.Rxb7 Rxb4 45.h5 Rb2+ 46.Kf1 g3 47.
fxg3 Kf5 48.h6 Rh2 49.h7 Kg4 50.Kg1 Rh3 51.Rg7+ Kf3 52.g4 b4 53.g5 b3 54.
g6 b2 55.Rb7 Rh6 56.Rxb2 Rxg6+ 57.Kh1 1-0

[Event "FIDE World Cup (w)"]
[Site "Khanty-Mansiysk RUS"]
[Date "2012.11.18"]
[Round "3.2"]
[White "Zhukova, Natalia"]
[Black "Ju Wenjun"]
[Result "1-0"]
[WhiteElo "2451"]
[BlackElo "2501"]
[EventDate "2012.11.11"]
[PlyCount "185"]

1.d4 Nf6 2.c4 g6 3.Nc3 Bg7 4.e4 d6 5.h3 O-O 6.Be3 e5 7.d5 Nbd7 8.Nf3 Nc5 
9.Nd2 a5 10.g4 Ne8 11.h4 f5 12.g5 Rf7 13.h5 Bf8 14.hxg6 hxg6 15.Qf3 Qd7 
16.exf5 Qxf5 17.Qg3 e4 18.Qh4 Bg7 19.Ndxe4 Nxe4 20.Nxe4 Re7 21.Bd3 Qf3 22.
Nd2 Rxe3+ 23.fxe3 Qxe3+ 24.Be2 Bf5 25.Nf1 Qe5 26.Ng3 Qxb2 27.Qh7+ Kf8 28.
O-O Bd4+ 29.Kh1 Ng7 30.Qh8+ Ke7 31.Qxa8 Be5 32.Qxa5 Bxg3 33.Qxc7+ Ke8 34.
Rxf5 Nxf5 35.Qc8+ Kf7 36.Qe6+ Kf8 37.Qf6+ Qxf6 38.gxf6 Be5 39.Re1 Ng3+ 40.
Kg2 Bc3 41.Rb1 Nxe2 42.Rxb7 Bxf6 43.a4 Nf4+ 44.Kf3 Nd3 45.a5 Nc5 46.Ra7 
Bd8 47.a6 Bb6 48.Ra8+ Ke7 49.a7 Nd7 50.Kf4 Ne5 51.Re8+ Kxe8 52.a8=Q+ Ke7 
53.Qb7+ Nd7 54.Kg5 Bd4 55.Kxg6 Bc5 56.Kf5 Bd4 57.Qc8 Be5 58.Qg8 Nc5 59.Qa8
Nd7 60.Qa7 Ke8 61.Qg1 Ke7 62.Qg5+ Ke8 63.Qh4 Nc5 64.Kg6 Nd7 65.Qf2 Nf8+ 
66.Kf5 Nd7 67.Qa7 Bh2 68.Qc7 Be5 69.Qc8+ Ke7 70.Qg8 Nc5 71.Qh7+ Ke8 72.Kg6
Kd8 73.Kf7 Kc7 74.Ke8+ Kb6 75.Qb1+ Kc7 76.Qb5 Nb7 77.Qc6+ Kb8 78.Qb6 Kc8 
79.Ke7 Nc5 80.Qa7 Nb7 81.Ke6 Nd8+ 82.Kf5 Nb7 83.Qb6 Bh2 84.Qc6+ Kb8 85.
Qe8+ Ka7 86.Ke6 Nc5+ 87.Ke7 Kb7 88.Kd8 Be5 89.Qb5+ Ka7 90.Kc8 Bf4 91.Qb8+ 
Ka6 92.Kc7 Ne6+ 93.dxe6 1-0

[Event "FIDE World Cup (w)"]
[Site "Khanty-Mansiysk RUS"]
[Date "2012.11.19"]
[Round "3.3"]
[White "Ju Wenjun"]
[Black "Zhukova, Natalia"]
[Result "1-0"]
[WhiteElo "2501"]
[BlackElo "2451"]
[EventDate "2012.11.11"]
[PlyCount "109"]

1.d4 d5 2.c4 e6 3.Nf3 c5 4.cxd5 exd5 5.Bg5 f6 6.Bd2 Nc6 7.e3 Bd6 8.Nc3 
Nge7 9.Nb5 cxd4 10.Nbxd4 O-O 11.Be2 Nf5 12.Bc3 Ncxd4 13.Nxd4 Nxd4 14.Qxd4 
Be5 15.Qd2 Bxc3 16.Qxc3 Bf5 17.O-O Qb6 18.Bf3 Be4 19.Bxe4 dxe4 20.Qc4+ Rf7
21.Rfd1 Re8 22.Rac1 g6 23.Rd7 Qe6 24.Qxe6 Rxe6 25.Rc8+ Kg7 26.Rcc7 Rxd7 
27.Rxd7+ Kh6 28.Rxb7 Rc6 29.g4 Kg5 30.Rxa7 Kxg4 31.Kg2 Rb6 32.b3 h5 33.Ra4
Kf5 34.Rc4 Ke5 35.b4 Ra6 36.Rc2 Ra4 37.Rb2 Kd6 38.b5 Kc7 39.b6+ Kb7 40.Kg3
Ra5 41.Kf4 Re5 42.h4 Re6 43.Rb4 Re5 44.Rxe4 Rf5+ 45.Kg3 Kxb6 46.Rf4 Rxf4 
47.Kxf4 Kc5 48.Kg3 Kd5 49.f3 Ke5 50.e4 Kd4 51.a4 Ke5 52.a5 Kd6 53.f4 Kc5 
54.e5 fxe5 55.fxe5 1-0

[Event "FIDE World Cup (w)"]
[Site "Khanty-Mansiysk RUS"]
[Date "2012.11.19"]
[Round "3.4"]
[White "Zhukova, Natalia"]
[Black "Ju Wenjun"]
[Result "1/2-1/2"]
[WhiteElo "2451"]
[BlackElo "2501"]
[EventDate "2012.11.11"]
[PlyCount "82"]

1.d4 Nf6 2.c4 g6 3.Nc3 Bg7 4.e4 d6 5.h3 O-O 6.Be3 c5 7.d5 Qa5 8.Bd2 e6 9.
Bd3 exd5 10.exd5 Qd8 11.Nf3 Nfd7 12.O-O Ne5 13.Nxe5 Bxe5 14.Bh6 Bg7 15.Qd2
Na6 16.Rae1 Nc7 17.Re2 Re8 18.Rfe1 Rxe2 19.Rxe2 Bd7 20.Bxg7 Kxg7 21.Ne4 
Ne8 22.Qc3+ Kg8 23.Ng3 Ng7 24.Qd2 Qf8 25.Qf4 f5 26.h4 Re8 27.Rc2 Qe7 28.
Re2 Qf8 29.h5 Rxe2 30.Bxe2 Qe7 31.h6 Ne8 32.Qd2 Nf6 33.Qa5 f4 34.Nf1 Qxe2 
35.Qd8+ Kf7 36.Qh8 Qe5 37.Qg7+ Ke8 38.Qh8+ Ke7 39.Nd2 Qe1+ 40.Nf1 Qe5 41.
Nd2 Qe1+ 1/2-1/2

[Event "FIDE World Cup (w)"]
[Site "Khanty-Mansiysk RUS"]
[Date "2012.11.17"]
[Round "3.1"]
[White "Socko, Monika"]
[Black "Stefanova, Antoaneta"]
[Result "0-1"]
[WhiteElo "2445"]
[BlackElo "2491"]
[EventDate "2012.11.11"]
[PlyCount "66"]

1.d4 d5 2.c4 c6 3.cxd5 cxd5 4.Nc3 Nf6 5.Bf4 Nc6 6.e3 a6 7.Bd3 Bg4 8.Nge2 
Bxe2 9.Qxe2 e6 10.Rc1 Bd6 11.Bg5 Be7 12.O-O O-O 13.Na4 Nd7 14.Bf4 Qa5 15.
Nc3 Rfc8 16.Qh5 g6 17.Qh3 Qd8 18.Rfd1 b5 19.e4 Nb6 20.Qe3 e5 21.Bxe5 Nxe5 
22.dxe5 d4 23.Qe2 dxc3 24.Bxb5 Qf8 25.Bxa6 cxb2 26.Rb1 Rc7 27.e6 Na4 28.
Bc4 f6 29.Qc2 Qc8 30.Rd4 Nb6 31.Qxb2 Nxc4 32.Qe2 Na3 33.Rbd1 Qxe6 0-1

[Event "FIDE World Cup (w)"]
[Site "Khanty-Mansiysk RUS"]
[Date "2012.11.18"]
[Round "3.2"]
[White "Stefanova, Antoaneta"]
[Black "Socko, Monika"]
[Result "1-0"]
[WhiteElo "2491"]
[BlackElo "2445"]
[EventDate "2012.11.11"]
[PlyCount "107"]

1.d4 e6 2.c4 Nf6 3.Nc3 Bb4 4.e3 O-O 5.Bd3 c5 6.Nf3 b6 7.O-O Bb7 8.Na4 Na6 
9.a3 Ba5 10.d5 exd5 11.cxd5 Re8 12.Rb1 Qc8 13.b3 Bxd5 14.Bb2 Be4 15.Bxf6 
gxf6 16.Bxe4 Rxe4 17.Qd3 Qb7 18.Rfd1 b5 19.Nc3 Bxc3 20.Qxc3 Qc6 21.Qd3 Rd8
22.b4 c4 23.Qd5 Ree8 24.Qh5 Nc7 25.Rd4 Re4 26.Ng5 fxg5 27.Qxg5+ Qg6 28.
Qxg6+ hxg6 29.Rxe4 Kf8 30.Rd1 d5 31.Red4 Ra8 32.e4 dxe4 33.Rxe4 a5 34.Re5 
axb4 35.axb4 Ne6 36.Rxb5 c3 37.Kf1 Rc8 38.Rbd5 Rc4 39.b5 Ke7 40.g3 Nc5 41.
Re1+ Kf6 42.Rd6+ Kf5 43.Rc6 c2 44.Rc1 Ke4 45.b6 Kd5 46.Rc8 Rb4 47.Rxc2 Ne6
48.Rb8 g5 49.h3 Ke4 50.Kg2 Ke5 51.Rd2 Nc5 52.Rc8 Ne4 53.Re8+ Kf5 54.Rd5+ 
1-0